[Event "Agzamov Memorial 17th"]
[Site "Tashkent"]
[Date "2024.03.29"]
[Round "4"]
[White "Lalith, Babu MR"]
[Black "Safarli, Eltaj"]
[Result "1/2-1/2"]
[WhiteElo "2506"]
[BlackElo "2614"]
[PlyCount "26"]
[EventDate "2024.03.27"]
[EventType "swiss"]
[EventRounds "10"]
[EventCountry "UZB"]
[SourceTitle "CB14_2024"]
[SourceDate "2024.04.01"]
[SourceVersion "1"]
[SourceVersionDate "2024.04.01"]
[SourceQuality "1"]

1. d4 Nf6 2. c4 e6 3. Nf3 d5 4. Nc3 Bb4 5. Qb3 c5 6. dxc5 Nc6 7. Bg5 Qa5 8. Bxf6 dxc4 9. Qxc4 gxf6 10. Rc1 Bxc5 11. e3 Bd7 12. Be2 Qb4 13. Qxb4 Bxb4 1/2-1/2

[Event "Prague op"]
[Site "Prague"]
[Date "2024.02.28"]
[Round "1"]
[White "Safarli, Eltaj"]
[Black "Nesse, David"]
[Result "1-0"]
[WhiteElo "2614"]
[BlackElo "2002"]
[PlyCount "65"]
[EventDate "2024.02.28"]
[EventType "swiss"]
[EventRounds "9"]
[EventCountry "CZE"]
[SourceTitle "CB11_2024"]
[SourceDate "2024.03.13"]
[SourceVersion "1"]
[SourceVersionDate "2024.03.13"]
[SourceQuality "1"]

1. e4 c5 2. Nf3 Nc6 3. Bb5 g6 4. 0-0 Bg7 5. Nc3 d6 6. e5 dxe5 7. Bxc6+ bxc6 8. Re1 Qc7 9. d3 c4 10. h3 cxd3 11. cxd3 Be6 12. Qe2 Nf6 13. Nxe5 Nd5 14. Nxd5 Qxe5 15. Qxe5 Bxe5 16. Nxe7 Kxe7 17. Rxe5 Rhd8 18. Re3 Rd5 19. Kf1 Rad8 20. Ke2 Kf8 21. g4 Ra5 22. a4 Bb3 23. Ra3 Rb8 24. Re4 Bd5 25. Rd4 Bg2 26. Bh6+ Ke7 27. b4 c5 28. bxc5 Rxc5 29. Ra2 g5 30. f4 f6 31. Kf2 Bxh3 32. Kg3 Bf1 33. Rf2 1-0

[Event "Chessable Play In Match D3"]
[Site "Chess.com INT"]
[Date "2024.02.01"]
[Round "1.3"]
[White "Raja, Rithvik R"]
[Black "Safarli, Eltaj"]
[Result "0-1"]
[WhiteElo "2532"]
[BlackElo "2614"]
[PlyCount "66"]
[EventDate "2024.02.01"]
[EventType "k.o. (rapid)"]
[EventRounds "1"]
[EventCountry "USA"]
[SourceTitle "CB06_2024"]
[SourceDate "2024.02.07"]
[SourceVersion "1"]
[SourceVersionDate "2024.02.07"]
[SourceQuality "1"]

1. d4 Nf6 2. c4 e6 3. Nf3 d5 4. g3 Be7 5. Bg2 0-0 6. 0-0 dxc4 7. Qc2 a6 8. a4 Nc6 9. Qxc4 Na5 10. Qc2 b6 11. Ne5 Bb7 12. Bxb7 Nxb7 13. Rd1 c5 14. dxc5 Qc7 15. Nc4 Nxc5 16. Bf4 Qb7 17. Nc3 Rac8 18. Bd6 a5 19. Bxe7 Qxe7 20. Nxb6 Rb8 21. Nc4 Nb3 22. Ra3 Qb4 23. Nb5 Nc5 24. Nxa5 Nxa4 25. Rxa4 Qxb5 26. b3 h5 27. Rd3 Rfc8 28. Rc4 Rxc4 29. Nxc4 h4 30. Kg2 Qf5 31. Nd6 h3+ 32. Kg1 Qa5 33. e4 Qe1# 0-1

[Event "Chessable Play In Match D3"]
[Site "Chess.com INT"]
[Date "2024.02.01"]
[Round "1.2"]
[White "Safarli, Eltaj"]
[Black "Raja, Rithvik R"]
[Result "1-0"]
[WhiteElo "2614"]
[BlackElo "2532"]
[PlyCount "105"]
[EventDate "2024.02.01"]
[EventType "k.o. (rapid)"]
[EventRounds "1"]
[EventCountry "USA"]
[SourceTitle "CB06_2024"]
[SourceDate "2024.02.07"]
[SourceVersion "1"]
[SourceVersionDate "2024.02.07"]
[SourceQuality "1"]

1. e4 c5 2. Nf3 d6 3. Nc3 Nf6 4. e5 dxe5 5. Nxe5 a6 6. g3 Qd6 7. Nf3 b5 8. Bg2 Bb7 9. 0-0 e6 10. d3 Be7 11. a4 b4 12. Nb1 0-0 13. Nbd2 Qc7 14. Nc4 Nd5 15. Re1 Nc6 16. h4 Rad8 17. Ng5 h6 18. Ne4 Rfe8 19. Be3 Nxe3 20. Nxe3 Ne5 21. Qe2 Qd7 22. Nd2 Nc6 23. Nec4 Nd4 24. Qd1 Bxg2 25. Kxg2 Bf8 26. Ne5 Qb7+ 27. Nef3 e5 28. Kg1 Qd5 29. Nxd4 cxd4 30. b3 f5 31. Qh5 Qe6 32. Re2 Qf6 33. Rae1 Bd6 34. f4 Re7 35. Nc4 exf4 36. Rxe7 Bxe7 37. gxf4 Qxh4 38. Qxh4 Bxh4 39. Re6 g5 40. Rxh6 Kg7 41. fxg5 Bxg5 42. Rxa6 Re8 43. Kf2 Rh8 44. Kg3 Bc1 45. Ne5 f4+ 46. Kg4 Rh2 47. Rc6 Rg2+ 48. Kf5 Rg3 49. Rc7+ Kf8 50. Kf6 Kg8 51. Nf7 Kh7 52. Ng5+ Kg8 53. Rc8# 1-0

[Event "Chessable Masters Play In"]
[Site "Chess.com INT"]
[Date "2024.01.31"]
[Round "1"]
[White "Safarli, Eltaj"]
[Black "Meskovs, Nikita"]
[Result "0-1"]
[WhiteElo "2604"]
[BlackElo "2532"]
[PlyCount "130"]
[EventDate "2024.01.31"]
[EventType "swiss (rapid)"]
[EventRounds "9"]
[EventCountry "USA"]
[SourceTitle "CB06_2024"]
[SourceDate "2024.02.07"]
[SourceVersion "1"]
[SourceVersionDate "2024.02.07"]
[SourceQuality "1"]

1. e4 c5 2. Nf3 Nc6 3. Bb5 g6 4. 0-0 Bg7 5. Nc3 e5 6. Bc4 Nge7 7. Nb5 d6 8. Ng5 0-0 9. Qf3 d5 10. exd5 Na5 11. d3 a6 12. Nc3 Nf5 13. Nge4 Nd4 14. Qd1 b5 15. Bb3 c4 16. dxc4 bxc4 17. Ba4 f5 18. Bg5 Qb6 19. Nd2 Qxb2 20. Ne2 Qa3 21. Bc6 Ndxc6 22. dxc6 Be6 23. c7 Rac8 24. Rb1 Rxc7 25. Rb6 Rc6 26. Qb1 h6 27. Rxc6 Nxc6 28. Qb6 Bd5 29. Be3 Rb8 30. Qc7 Qe7 31. Qxe7 Nxe7 32. Nc3 Be6 33. Na4 a5 34. Nb6 c3 35. Nb3 Nc6 36. Rd1 Nd4 37. Bxd4 exd4 38. Na4 Bxb3 39. axb3 Rxb3 40. Kf1 Ra3 41. Nc5 Ra2 42. Rc1 a4 43. Ke2 Bf8 44. Ne6 Ba3 45. Rd1 Rxc2+ 46. Kd3 Rxf2 47. Nxd4 Bc5 48. Nb5 c2 49. Ra1 Rxg2 50. Nc3 Rg1 51. Rxg1 Bxg1 52. Kxc2 Bxh2 53. Nxa4 Kf7 54. Kd3 Bd6 55. Nb6 Ke6 56. Nc4 g5 57. Ke3 g4 58. Kf2 f4 59. Nd2 Bc5+ 60. Kg2 Kd5 61. Nf1 Be3 62. Nh2 h5 63. Nf1 Ke4 64. Nh2 Kd3 65. Nxg4 hxg4 0-1

[Event "Staufer op 34th"]
[Site "Schwaebisch Gmuend"]
[Date "2024.01.05"]
[Round "8"]
[White "Kueppers, Timo"]
[Black "Safarli, Eltaj"]
[Result "0-1"]
[WhiteElo "2198"]
[BlackElo "2604"]
[PlyCount "68"]
[EventDate "2024.01.02"]
[EventType "swiss"]
[EventRounds "9"]
[EventCountry "GER"]
[SourceTitle "CB02_2024"]
[SourceDate "2024.01.10"]
[SourceVersion "1"]
[SourceVersionDate "2024.01.10"]
[SourceQuality "1"]

1. c4 c5 2. g3 g6 3. Bg2 Bg7 4. Nc3 Nc6 5. Nf3 d6 6. 0-0 e6 7. e3 Nge7 8. d4 0-0 9. Rb1 b6 10. b3 Bb7 11. Bb2 Na5 12. Qe2 cxd4 13. Nxd4 Bxg2 14. Kxg2 a6 15. Rfd1 Qc7 16. Qf3 Nb7 17. Ne4 Nc5 18. Nf6+ Kh8 19. e4 Rad8 20. h4 h6 21. Nc2 Nc6 22. Ne3 Ne5 23. Bxe5 dxe5 24. h5 Qe7 25. Neg4 gxh5 26. Nxh5 f5 27. Rxd8 Qxd8 28. Nxg7 fxg4 29. Qxg4 Qf6 30. Nh5 Qxf2+ 31. Kh3 Rg8 32. Qh4 Rg5 33. Rd1 Qf3 34. Nf4 Kh7 0-1

[Event "EU-ch Blitz"]
[Site "Zagreb"]
[Date "2023.12.16"]
[Round "13"]
[White "Safarli, Eltaj"]
[Black "Kadric, Denis"]
[Result "1/2-1/2"]
[WhiteElo "2609"]
[BlackElo "2587"]
[PlyCount "229"]
[EventDate "2023.12.16"]
[EventType "swiss (blitz)"]
[EventRounds "13"]
[EventCountry "CRO"]
[SourceTitle "CB51_2023"]
[SourceDate "2023.12.20"]
[SourceVersion "1"]
[SourceVersionDate "2023.12.20"]
[SourceQuality "1"]

1. e4 e5 2. Nf3 Nf6 3. d4 Nxe4 4. Bd3 Nc6 5. Nxe5 Nxe5 6. dxe5 Nc5 7. Bf4 d6 8. exd6 Bxd6 9. Bb5+ Bd7 10. Bxd6 Bxb5 11. Nc3 cxd6 12. Nxb5 Qe7+ 13. Qe2 Qxe2+ 14. Kxe2 Kd7 15. Rhd1 Rhe8+ 16. Kf1 Re6 17. f3 g6 18. Rd2 a6 19. Nc3 b5 20. a4 Nxa4 21. Nxa4 bxa4 22. Rxa4 Ke7 23. Rdd4 Re5 24. Rdb4 Rc5 25. Rb7+ Ke6 26. Re4+ Re5 27. Rf4 Rf5 28. Rxf5 gxf5 29. f4 Rc8 30. c3 Rc5 31. Rb6 a5 32. Ke2 Rd5 33. g3 Kd7 34. Rb7+ Ke6 35. c4 Rc5 36. Kd3 d5 37. Rb6+ Ke7 38. cxd5 Rxd5+ 39. Ke3 Rc5 40. Kf3 h5 41. Kg2 Rc2+ 42. Kh3 Kf8 43. Rb5 Kg7 44. Rxf5 Kg6 45. Rg5+ Kh6 46. Rb5 a4 47. Rb6+ Kg7 48. Rb4 Kg6 49. Rb8 Kg7 50. Rb6 Rd2 51. Rb5 Kg6 52. Rb4 Rc2 53. Rxa4 Rxb2 54. Ra5 f6 55. Ra8 Rc2 56. Ra1 Rb2 57. Rg1 Ra2 58. Rg2 Ra1 59. Re2 Ra5 60. Kh4 Rb5 61. h3 Ra5 62. Rc2 Rb5 63. Rc8 Ra5 64. Rc7 Rb5 65. g4 hxg4 66. hxg4 Rb1 67. Rc3 Rh1+ 68. Rh3 Rg1 69. Rh2 Kh6 70. f5 Kg7 71. Kh5 Rg3 72. Kh4 Rg1 73. Rd2 Rh1+ 74. Kg3 Rg1+ 75. Kf3 Rf1+ 76. Kg2 Ra1 77. Rd8 Ra3 78. Kf2 Rb3 79. Re8 Ra3 80. Re3 Ra1 81. Kf3 Rf1+ 82. Ke4 Kh6 83. Kd5 Kg5 84. Ke6 Kxg4 85. Re4+ Kg5 86. Re2 Ra1 87. Rg2+ Kh6 88. Rg6+ Kh7 89. Rxf6 Ra6+ 90. Ke7 Ra7+ 91. Kd6 Kg7 92. Re6 Kf7 93. Ke5 Ra5+ 94. Kf4 Ra1 95. Re3 Ra6 96. Kg5 Rb6 97. Ra3 Rc6 98. Ra7+ Kf8 99. Rd7 Ra6 100. Rc7 Rb6 101. Kf4 Ra6 102. Ke5 Rb6 103. Rd7 Ra6 104. Rh7 Rb6 105. Kf4 Ra6 106. Kg5 Rb6 107. Rc7 Ra6 108. f6 Ra1 109. Rc4 Rg1+ 110. Rg4 Rxg4+ 111. Kxg4 Kf7 112. Kf5 Kf8 113. Ke6 Ke8 114. f7+ Kf8 115. Kf6 1/2-1/2

[Event "EU-ch Blitz"]
[Site "Zagreb"]
[Date "2023.12.16"]
[Round "9"]
[White "Safarli, Eltaj"]
[Black "Seo, Jung Min"]
[Result "1-0"]
[WhiteElo "2609"]
[BlackElo "2483"]
[PlyCount "51"]
[EventDate "2023.12.16"]
[EventType "swiss (blitz)"]
[EventRounds "13"]
[EventCountry "CRO"]
[SourceTitle "CB51_2023"]
[SourceDate "2023.12.20"]
[SourceVersion "1"]
[SourceVersionDate "2023.12.20"]
[SourceQuality "1"]

1. e4 c6 2. d4 d5 3. exd5 cxd5 4. c4 Nf6 5. Nc3 Nc6 6. Bg5 Be6 7. Be2 h6 8. Bxf6 exf6 9. Bf3 Bb4 10. Nge2 Qa5 11. 0-0 dxc4 12. d5 Rd8 13. Qe1 Bxd5 14. Nf4+ Be6 15. Nxe6 fxe6 16. Qxe6+ Kf8 17. Rad1 Re8 18. Qxc4 Bxc3 19. bxc3 Ne5 20. Qe4 Qxc3 21. Bh5 Rb8 22. f4 Qc5+ 23. Kh1 Nc6 24. Qg6 Qc4 25. Rfe1 Kg8 26. Re8+ 1-0

[Event "Monsaraz Rapid op"]
[Site "Monsaraz"]
[Date "2023.11.25"]
[Round "1"]
[White "Safarli, Eltaj"]
[Black "De Oliveira, Jairo Quintiliano"]
[Result "1-0"]
[WhiteElo "2610"]
[BlackElo "1857"]
[PlyCount "41"]
[EventDate "2023.11.25"]
[EventType "swiss (rapid)"]
[EventRounds "9"]
[EventCountry "POR"]
[SourceTitle "CB48_2023"]
[SourceDate "2023.11.29"]
[SourceVersion "1"]
[SourceVersionDate "2023.11.29"]
[SourceQuality "1"]

1. e4 e5 2. Nf3 Nc6 3. Nc3 Nf6 4. a3 a6 5. d4 exd4 6. Nxd4 Bc5 7. Be3 Nxd4 8. Bxd4 Bxd4 9. Qxd4 0-0 10. 0-0-0 Qe7 11. e5 Ne8 12. Nd5 Qe6 13. Bc4 Kh8 14. f4 Qh6 15. g4 b5 16. g5 Qh4 17. Bb3 Bb7 18. Rhe1 Rc8 19. Ne7 Rd8 20. Kb1 h6 21. Bxf7 1-0

[Event "Figueira da Foz op 17th"]
[Site "Figueira da Foz"]
[Date "2023.11.11"]
[Round "8"]
[White "Safarli, Eltaj"]
[Black "Mehar, Chinna Reddy CH"]
[Result "1/2-1/2"]
[WhiteElo "2610"]
[BlackElo "2366"]
[PlyCount "44"]
[EventDate "2023.11.05"]
[EventType "swiss"]
[EventRounds "9"]
[EventCountry "POR"]
[SourceTitle "CB46_2023"]
[SourceDate "2023.11.15"]
[SourceVersion "1"]
[SourceVersionDate "2023.11.15"]
[SourceQuality "1"]

1. e4 e5 2. Nf3 Nc6 3. Bb5 a6 4. Ba4 d6 5. 0-0 Bd7 6. d4 Nxd4 7. Bxd7+ Qxd7 8. Nxd4 exd4 9. Qxd4 Nf6 10. Nc3 Be7 11. Bg5 0-0 12. e5 Ne8 13. Bf4 Qe6 14. Rfe1 dxe5 15. Bxe5 Bf6 16. Nd5 Bxe5 17. Rxe5 Qd6 18. Rae1 c6 19. Ne7+ Kh8 20. Qe3 g6 21. Qc3 Ng7 22. h4 Rad8 1/2-1/2